[Event "XXI Festival Conca della Presolana A"]
[Site "Bratto - Castione della Presolana ITA"]
[Date "2001.08.28"]
[Round "7"]
[White "Nieus, Thierry"]
[Black "Stefanelli, Luca"]
[Result "1-0"]
[WhiteElo "1914"]
[BlackElo "2270"]
[PlyCount "45"]
[EventDate "2001.08.22"]

1.e4 c5 2.c3 e5 3.Nf3 Nc6 4.Bc4 Nf6 5.Ng5 Nxe4 6.Bxf7+ Ke7 7.d4 h6 8.Nxe4 
Kxf7 9.d5 Nb8 10.d6 Qe8 11.Na3 Na6 12.O-O Qe6 13.f4 exf4 14.Rxf4+ Kg8 15.
Qg4 Qxg4 16.Rxg4 Kh7 17.Bxh6 g6 18.Bxf8 Rxf8 19.Re1 b6 20.Ng5+ Kh8 21.Re7 
Nb8 22.Rh4+ Kg8 23.Nh7 1-0

[Event "XXI Festival Conca della Presolana A"]
[Site "Bratto - Castione della Presolana ITA"]
[Date "2001.08.28"]
[Round "7"]
[White "Osuna Munoz, Xavier"]
[Black "Mascheroni, Maurizio"]
[Result "1/2-1/2"]
[WhiteElo "2109"]
[BlackElo "2054"]
[PlyCount "28"]
[EventDate "2001.08.22"]

1.e4 d6 2.Bc4 Nf6 3.d3 g6 4.Bg5 Bg7 5.Nc3 O-O 6.Qd2 c6 7.Bh6 d5 8.Bxg7 
Kxg7 9.exd5 cxd5 10.Bb3 Nc6 11.Nge2 e5 12.O-O a6 13.a4 Qa5 14.Qg5 h6 
1/2-1/2

[Event "XXI Festival Conca della Presolana A"]
[Site "Bratto - Castione della Presolana ITA"]
[Date "2001.08.28"]
[Round "7"]
[White "Pagnoncelli, Marco"]
[Black "Cugini, Verter"]
[Result "1/2-1/2"]
[WhiteElo "2064"]
[BlackElo "2207"]
[PlyCount "55"]
[EventDate "2001.08.22"]

1.e4 e6 2.d4 d5 3.exd5 exd5 4.Nf3 Bd6 5.c4 c6 6.Nc3 Ne7 7.Bg5 f6 8.Bh4 Be6
9.c5 Bf4 10.Bd3 Bf5 11.O-O O-O 12.Bg3 Bxg3 13.hxg3 Nd7 14.Re1 Bxd3 15.Qxd3
Ng6 16.b4 b5 17.Qf5 Nb8 18.a4 bxa4 19.Rxa4 Qc8 20.Qh5 Qd7 21.Rb1 Ne7 22.b5
cxb5 23.Nxb5 Nbc6 24.Nd6 g6 25.Qh6 Rab8 26.Raa1 a5 27.Qf4 Rb4 28.Re1 
1/2-1/2

[Event "XXI Festival Conca della Presolana A"]
[Site "Bratto - Castione della Presolana ITA"]
[Date "2001.08.28"]
[Round "7"]
[White "Preiss, Martin"]
[Black "De Santis, Alessio"]
[Result "1-0"]
[WhiteElo "2262"]
[BlackElo "2353"]
[PlyCount "79"]
[EventDate "2001.08.22"]

1.Nf3 f5 2.d4 Nf6 3.g3 g6 4.Bg2 Bg7 5.O-O O-O 6.c4 d6 7.Nc3 Qe8 8.d5 a5 9.
Rb1 Na6 10.b3 h6 11.Bb2 g5 12.Nd4 f4 13.e3 fxg3 14.fxg3 Bg4 15.Qc2 Nb4 16.
Qd2 Qh5 17.Ncb5 Na6 18.Qxa5 Nc5 19.Qd2 Rxa2 20.Nxc7 Rc8 21.Ncb5 Bd7 22.Nc3
Rxb2 23.Rxb2 Ng4 24.h3 Ne5 25.Qe2 g4 26.Rbb1 Nf3+ 27.Bxf3 gxf3 28.Qxf3 
Qxh3 29.Nce2 Bg4 30.Qh1 Bxd4 31.Qxh3 Bxh3 32.Nxd4 Bxf1 33.Rxf1 Ra8 34.Nf5 
Nxb3 35.Nxe7+ Kg7 36.Nf5+ Kg6 37.Nxd6 Ra6 38.Nxb7 Nd2 39.d6 Nxf1 40.d7 1-0

[Event "XXI Festival Conca della Presolana A"]
[Site "Bratto - Castione della Presolana ITA"]
[Date "2001.08.28"]
[Round "7"]
[White "Radice, Luca"]
[Black "Capece, Adolivio"]
[Result "1-0"]
[WhiteElo "2042"]
[BlackElo "2073"]
[PlyCount "63"]
[EventDate "2001.08.22"]

1.d4 Nf6 2.c4 c5 3.d5 b5 4.Qc2 b4 5.e4 d6 6.Nf3 g6 7.h3 Bg7 8.Bd3 O-O 9.
O-O a5 10.a4 Na6 11.Bf4 Rb8 12.e5 Ne8 13.b3 Rb6 14.Nbd2 Bd7 15.Rad1 dxe5 
16.Nxe5 Nd6 17.Nxd7 Qxd7 18.Nf3 f6 19.Rfe1 Nc7 20.Be3 Na6 21.Re2 Nf7 22.
Rde1 e5 23.dxe6 Rxe6 24.Be4 Rfe8 25.Bd5 R6e7 26.Rd2 Qc7 27.Red1 Nb8 28.Rd3
Kf8 29.Qd2 Ne5 30.Nxe5 fxe5 31.Bg5 Rd7 32.Rf3+ 1-0

[Event "XXI Festival Conca della Presolana A"]
[Site "Bratto - Castione della Presolana ITA"]
[Date "2001.08.28"]
[Round "7"]
[White "Ricci, Alfredo"]
[Black "Mieli, Marcello"]
[Result "0-1"]
[WhiteElo "2088"]
[BlackElo "2058"]
[PlyCount "90"]
[EventDate "2001.08.22"]

1.e4 c5 2.Nf3 e6 3.d4 cxd4 4.c3 dxc3 5.Nxc3 Nc6 6.Bc4 d6 7.O-O Be7 8.Qe2 
Nf6 9.Rd1 e5 10.Bg5 a6 11.h3 Qc7 12.Rac1 Qb8 13.Qd2 b5 14.Bxf6 gxf6 15.
Bxf7+ Kxf7 16.Qd5+ Be6 17.Qd2 Rg8 18.Qh6 Rg7 19.Nd5 Bxd5 20.exd5 Nd4 21.
Nxd4 exd4 22.Qh5+ Kg8 23.Qf5 Kh8 24.Rxd4 Qg8 25.Rg4 Rxg4 26.hxg4 Qg5 27.
Rc8+ Rxc8 28.Qxc8+ Kg7 29.Qd7 Qe5 30.f4 Qe3+ 31.Kh1 Qc1+ 32.Kh2 Qxf4+ 33.
Kh3 Qe5 34.b3 Kf7 35.Qc8 Qxd5 36.Qxa6 f5 37.a4 fxg4+ 38.Kxg4 Qxg2+ 39.Kf4 
Kg6 40.Ke3 Qg3+ 41.Ke4 bxa4 42.bxa4 Qe5+ 43.Kf3 h5 44.Qa8 d5 45.Qc6+ Qf6+ 
0-1

[Event "XXI Festival Conca della Presolana A"]
[Site "Bratto - Castione della Presolana ITA"]
[Date "2001.08.28"]
[Round "7"]
[White "Rossi, Giampiero"]
[Black "Rigamonti, Stefano"]
[Result "1-0"]
[WhiteElo "2119"]
[BlackElo "1902"]
[PlyCount "117"]
[EventDate "2001.08.22"]

1.d4 Nf6 2.c4 e6 3.Nc3 Bb4 4.Qc2 d5 5.cxd5 exd5 6.Bg5 h6 7.Bxf6 Qxf6 8.a3 
Bxc3+ 9.Qxc3 O-O 10.e3 c6 11.Nf3 Nd7 12.Rc1 Qg6 13.Qd3 Qd6 14.Be2 Nf6 15.
O-O Bg4 16.h3 Bh5 17.Ne5 Bxe2 18.Qxe2 Ne4 19.Nd3 f5 20.Rfe1 Qe7 21.Ne5 Rf6
22.f4 Re6 23.b4 a6 24.Qb2 Nd6 25.Qb3 Rc8 26.a4 Kh7 27.Re2 g6 28.Rec2 Qe8 
29.b5 axb5 30.axb5 Nc4 31.bxc6 bxc6 32.Nxc4 dxc4 33.Rxc4 Rxe3 34.Qb7+ Re7 
35.Qa6 Re1+ 36.Rxe1 Qxe1+ 37.Kh2 Qe8 38.d5 Ra8 39.Qxc6 Qxc6 40.dxc6 Rc8 
41.c7 g5 42.Kg3 Kg6 43.Kf3 Kf7 44.g3 Ke7 45.fxg5 hxg5 46.h4 gxh4 47.gxh4 
Kd6 48.Kf4 Kd5 49.Rc1 Ke6 50.h5 Kf7 51.Kxf5 Ke7 52.Ke5 Kd7 53.Kd5 Ke7 54.
Kc6 Rh8 55.Re1+ Kf6 56.Rh1 Ke7 57.h6 Ke6 58.h7 Kf7 59.Kb7 1-0

[Event "XXI Festival Conca della Presolana A"]
[Site "Bratto - Castione della Presolana ITA"]
[Date "2001.08.28"]
[Round "7"]
[White "Salami, Marco"]
[Black "Podini, Francesco"]
[Result "1/2-1/2"]
[WhiteElo "2199"]
[BlackElo "2072"]
[PlyCount "75"]
[EventDate "2001.08.22"]

1.e4 c5 2.Nc3 Nc6 3.g3 g6 4.Bg2 Bg7 5.d3 d6 6.f4 e6 7.Nf3 Nge7 8.O-O O-O 
9.Be3 b6 10.d4 d5 11.exd5 exd5 12.Bf2 Bg4 13.dxc5 d4 14.Ne4 Qd5 15.h3 Bxf3
16.Bxf3 Qf5 17.cxb6 axb6 18.a3 Rfd8 19.Kg2 Nd5 20.Qd3 h5 21.h4 Ra7 22.Rad1
Re7 23.Qc4 Na5 24.Qd3 Red7 25.Ng5 Qxd3 26.Rxd3 Nc4 27.Bxd5 Rxd5 28.b4 Nb2 
29.Rb3 Nc4 30.Re1 b5 31.Re2 R5d7 32.Ne4 d3 33.cxd3 Rxd3 34.Rxd3 Rxd3 35.
Ng5 Bf6 36.Re8+ Kg7 37.Bc5 Rd8 38.Rxd8 1/2-1/2

[Event "XXI Festival Conca della Presolana A"]
[Site "Bratto - Castione della Presolana ITA"]
[Date "2001.08.28"]
[Round "7"]
[White "Sbarra, Marco"]
[Black "Lanzani, Mario"]
[Result "0-1"]
[WhiteElo "2305"]
[BlackElo "2380"]
[PlyCount "60"]
[EventDate "2001.08.22"]

1.e4 e5 2.Nc3 Nc6 3.Bc4 Nf6 4.d3 Na5 5.Nge2 Bb4 6.O-O Bxc3 7.Nxc3 Nxc4 8.
dxc4 d6 9.b3 Bg4 10.Qd3 Be6 11.Nd5 Nxd5 12.exd5 Bd7 13.f4 O-O 14.c5 e4 15.
Qxe4 dxc5 16.Bb2 Re8 17.Qc4 b6 18.Qc3 f6 19.Rfe1 Bf5 20.Qc4 Qd6 21.a3 a5 
22.a4 Rad8 23.h3 h5 24.Re2 Rxe2 25.Qxe2 Qxd5 26.g4 hxg4 27.hxg4 Qe4 28.
Qxe4 Bxe4 29.Re1 Bxc2 30.Re7 Bxb3 0-1

[Event "XXI Festival Conca della Presolana A"]
[Site "Bratto - Castione della Presolana ITA"]
[Date "2001.08.28"]
[Round "7"]
[White "Vancini, Edoardo"]
[Black "Caoili, Arianne"]
[Result "0-1"]
[WhiteElo "2358"]
[BlackElo "2152"]
[PlyCount "76"]
[EventDate "2001.08.22"]

1.e4 c5 2.c3 d5 3.exd5 Qxd5 4.d4 Nf6 5.Nf3 Nc6 6.Be3 cxd4 7.cxd4 Bg4 8.Nc3
Qa5 9.h3 Bh5 10.g4 Bg6 11.Ne5 e6 12.Bg2 Rc8 13.O-O Bb4 14.g5 Nd5 15.Nxd5 
exd5 16.Qg4 O-O 17.h4 Nxe5 18.dxe5 Rc4 19.Qh3 d4 20.Bf4 d3 21.Qe3 Bc5 22.
Qd2 Qxd2 23.Bxd2 Rxh4 24.Bxb7 Rb8 25.Rac1 Rg4+ 26.Kh2 Bd4 27.f4 Bf5 28.Rc4
Bxb2 29.Rb1 Rxb7 30.Bc3 h6 31.gxh6 d2 32.Rd1 Bxc3 33.Rxc3 Rb2 34.h7+ Kxh7 
35.Rc4 Rh4+ 36.Kg3 Rh3+ 37.Kg2 Rd3 38.Rc6 Be4+ 0-1

[Event "XXI Festival Conca della Presolana A"]
[Site "Bratto - Castione della Presolana ITA"]
[Date "2001.08.28"]
[Round "7"]
[White "Zichichi, Alvise"]
[Black "Lapiccirella, Mattia"]
[Result "1/2-1/2"]
[WhiteElo "2293"]
[BlackElo "2146"]
[PlyCount "41"]
[EventDate "2001.08.22"]

1.d4 c5 2.e4 cxd4 3.c3 d5 4.exd5 Qxd5 5.cxd4 Nc6 6.Be3 e5 7.Nc3 Bb4 8.dxe5
Nge7 9.f4 Bxc3+ 10.bxc3 Qa5 11.Bd2 Bf5 12.Nf3 O-O-O 13.Qb3 Rd7 14.Rd1 Rhd8
15.Be2 Qc5 16.Nd4 Rxd4 17.cxd4 Nxd4 18.Qc3 Nc2+ 19.Kf1 Qxc3 20.Bxc3 Ne3+ 
21.Kf2 1/2-1/2

[Event "XXI Festival Conca della Presolana A"]
[Site "Bratto - Castione della Presolana ITA"]
[Date "2001.08.29"]
[Round "8"]
[White "Agnelli, Francesco"]
[Black "Ausmins, Elmar"]
[Result "0-1"]
[WhiteElo "2132"]
[BlackElo "2345"]
[PlyCount "70"]
[EventDate "2001.08.22"]

1.e4 c5 2.Nf3 d6 3.d4 cxd4 4.Nxd4 Nf6 5.Nc3 Nc6 6.Be3 e5 7.Nb3 Be6 8.Qd2 
a6 9.f3 Be7 10.O-O-O O-O 11.g4 b5 12.Nd5 Ne8 13.Kb1 Rb8 14.h4 a5 15.g5 Nc7
16.h5 b4 17.g6 a4 18.h6 fxg6 19.hxg7 Rf7 20.Nc1 Rxg7 21.Bb6 Bxd5 22.Bxc7 
Bxa2+ 23.Nxa2 Qxc7 24.Bc4+ Kh8 25.Rh3 b3 26.cxb3 axb3 27.Nc3 Nd4 28.Bd5 
Qa5 29.Rdh1 Nc2 30.Bxb3 Na3+ 31.bxa3 Qxa3 32.Kc2 Rxb3 33.Rb1 Rxb1 34.Kxb1 
Bf8 35.Qb2 Qa6 0-1

[Event "XXI Festival Conca della Presolana A"]
[Site "Bratto - Castione della Presolana ITA"]
[Date "2001.08.29"]
[Round "8"]
[White "Bellini, Fabio"]
[Black "Drazic, Sinisa"]
[Result "1/2-1/2"]
[WhiteElo "2499"]
[BlackElo "2480"]
[PlyCount "50"]
[EventDate "2001.08.22"]

1.e4 c5 2.Nf3 g6 3.d4 cxd4 4.Qxd4 Nf6 5.Nc3 Nc6 6.Qa4 d6 7.e5 dxe5 8.Nxe5 
Bd7 9.Nxd7 Qxd7 10.Be2 Nd4 11.Qxd7+ Nxd7 12.Bd1 Rc8 13.Be3 Bg7 14.Rb1 a6 
15.O-O Nf5 16.Bd2 Ne5 17.Ne4 O-O 18.c3 Rfd8 19.Be2 Nc4 20.Bf4 b5 21.Rfd1 
Rxd1+ 22.Bxd1 h6 23.g4 Nfd6 24.Nxd6 exd6 25.Be2 g5 1/2-1/2

[Event "XXI Festival Conca della Presolana A"]
[Site "Bratto - Castione della Presolana ITA"]
[Date "2001.08.29"]
[Round "8"]
[White "Borgo, Giulio"]
[Black "Arlandi, Ennio"]
[Result "1-0"]
[WhiteElo "2428"]
[BlackElo "2449"]
[PlyCount "82"]
[EventDate "2001.08.22"]

1.e4 c5 2.Nf3 e6 3.c3 Nf6 4.d3 b6 5.g3 Bb7 6.Bg2 d6 7.O-O Be7 8.Re1 Nbd7 
9.Nbd2 Qc7 10.a3 O-O 11.b4 Ne5 12.Qc2 Nfd7 13.Bb2 Bf6 14.Rad1 Rac8 15.Nxe5
dxe5 16.b5 g6 17.a4 Bg7 18.Qb3 a6 19.Nc4 axb5 20.axb5 Rfd8 21.Ra1 Ra8 22.
Rxa8 Rxa8 23.Ra1 Rxa1+ 24.Bxa1 Qb8 25.Bb2 Bc8 26.Qa4 h5 27.Bc1 Kh7 28.Bg5 
Bf6 29.h4 Bb7 30.Bxf6 Nxf6 31.Nxb6 Bxe4 32.Bxe4 Qxb6 33.Qa6 Qb8 34.b6 Nd7 
35.Qa7 Qd6 36.Qc7 Qxb6 37.Qxd7 Kg7 38.Qb7 Qa5 39.Bc6 Qxc3 40.Be8 Qxd3 41.
Qxf7+ Kh6 1-0

[Event "XXI Festival Conca della Presolana A"]
[Site "Bratto - Castione della Presolana ITA"]
[Date "2001.08.29"]
[Round "8"]
[White "Bresciani, Nicola"]
[Black "Galli, Fabio"]
[Result "1-0"]
[WhiteElo "2278"]
[BlackElo "2079"]
[PlyCount "99"]
[EventDate "2001.08.22"]

1.e4 c5 2.Nf3 Nc6 3.d4 cxd4 4.Nxd4 Nf6 5.Nc3 d6 6.Be2 e6 7.O-O Be7 8.Be3 
a6 9.f4 Qc7 10.Qe1 b5 11.Nxc6 Qxc6 12.e5 Nd5 13.Nxd5 exd5 14.exd6 Qxd6 15.
Bf3 O-O 16.Rd1 Bb7 17.Qf2 Rac8 18.g3 Bf6 19.c3 Ba8 20.Bd4 Bxd4 21.Rxd4 
Rfe8 22.Rfd1 Rcd8 23.Qg2 Qe6 24.Bxd5 Bxd5 25.Rxd5 Rxd5 26.Rxd5 Qe1+ 27.Qf1
Qe4 28.Qd1 Qe3+ 29.Kg2 g6 30.Rd8 Qe4+ 31.Kf2 Qe3+ 32.Kf1 h6 33.Rxe8+ Qxe8 
34.Qd5 Qe3 35.Qd1 Qe6 36.a3 Qe4 37.Kf2 h5 38.Qe2 Qd5 39.Ke3 a5 40.Qd3 Qb3 
41.c4 Qxb2 42.cxb5 a4 43.Ke4 Kh7 44.h4 Qc1 45.Kd4 Qb2+ 46.Kc4 Kg8 47.Qc3 
Qb1 48.Kc5 Qb3 49.Qb4 Qe3+ 50.Kc6 1-0

[Event "XXI Festival Conca della Presolana A"]
[Site "Bratto - Castione della Presolana ITA"]
[Date "2001.08.29"]
[Round "8"]
[White "Caoili, Arianne"]
[Black "Tatai, Stefano"]
[Result "1/2-1/2"]
[WhiteElo "2152"]
[BlackElo "2350"]
[PlyCount "44"]
[EventDate "2001.08.22"]

1.d4 Nf6 2.Nf3 e6 3.c4 d5 4.e3 c5 5.cxd5 Nxd5 6.e4 Nf6 7.Nc3 cxd4 8.Qxd4 
Qxd4 9.Nxd4 a6 10.e5 Nfd7 11.f4 b5 12.Be2 Bb7 13.O-O Nb6 14.Be3 b4 15.Nb3 
bxc3 16.Bxb6 cxb2 17.Rab1 Nd7 18.Bd4 a5 19.Rxb2 Ba3 20.Rc2 a4 21.Rc7 Bd5 
22.Bb5 O-O 1/2-1/2

[Event "XXI Festival Conca della Presolana A"]
[Site "Bratto - Castione della Presolana ITA"]
[Date "2001.08.29"]
[Round "8"]
[White "Capata, Ion"]
[Black "Mauro, Alan"]
[Result "0-1"]
[WhiteElo "1948"]
[BlackElo "2245"]
[PlyCount "116"]
[EventDate "2001.08.22"]

1.e4 c5 2.c3 Nf6 3.e5 Nd5 4.d4 cxd4 5.cxd4 e6 6.Nf3 b6 7.Bd3 Bb7 8.O-O Be7
9.Nc3 Nxc3 10.bxc3 O-O 11.Nd2 f5 12.exf6 Bxf6 13.Ne4 Bxe4 14.Bxe4 d5 15.
Bd3 Nc6 16.Qh5 g6 17.Qg4 Qc8 18.Bh6 Bg7 19.Bd2 e5 20.Qxc8 Raxc8 21.Ba6 Rc7
22.dxe5 Nxe5 23.Rad1 Nc4 24.Bg5 Rf5 25.Bd8 Rc5 26.g4 Rf4 27.h3 Bxc3 28.Bg5
Rd4 29.Rxd4 Bxd4 30.Rd1 Ne5 31.Kg2 Bc3 32.Be3 Ra5 33.Bb7 d4 34.Bxd4 Bxd4 
35.Rxd4 Kg7 36.Rd2 g5 37.Bd5 Rc5 38.Kg3 b5 39.Be4 a5 40.Rd5 Rxd5 41.Bxd5 
Nd3 42.Kf3 Nf4 43.Bc6 b4 44.h4 Ne6 45.Kg3 Nd4 46.Ba4 Ne2+ 47.Kh3 Nc3 48.
Bb3 a4 49.Bc2 a3 50.Bb3 Ne2 51.hxg5 Nc1 52.Bd5 b3 53.axb3 a2 54.f4 a1=Q 
55.f5 Qc3+ 56.Kh4 Qe5 57.f6+ Kf8 58.g6 Qxf6+ 0-1

[Event "XXI Festival Conca della Presolana A"]
[Site "Bratto - Castione della Presolana ITA"]
[Date "2001.08.29"]
[Round "8"]
[White "Caruso, Daniele"]
[Black "Astengo, Marcello"]
[Result "1-0"]
[WhiteElo "2104"]
[BlackElo "2005"]
[PlyCount "71"]
[EventDate "2001.08.22"]

1.e4 e6 2.d4 d5 3.e5 c5 4.c3 Nc6 5.Nf3 Bd7 6.a3 Rc8 7.b4 cxd4 8.cxd4 Qb6 
9.Be3 Nh6 10.Be2 Nf5 11.O-O Be7 12.Qd2 O-O 13.Nc3 a6 14.Na4 Qa7 15.Nc5 Rc7
16.g4 Nxe3 17.fxe3 Bc8 18.g5 b6 19.Nd3 Bd7 20.h4 Nb8 21.Nf4 Rfc8 22.Rac1 
Ba4 23.Bd3 Nd7 24.Nh2 a5 25.Ng4 Rxc1 26.Rxc1 Rxc1+ 27.Qxc1 axb4 28.axb4 
Bxb4 29.Qb1 Qa5 30.Bxh7+ Kh8 31.g6 Nf8 32.gxf7 Bd1 33.Bg8 g5 34.Qxd1 gxf4 
35.Nf6 Qa3 36.Qh5+ 1-0

[Event "XXI Festival Conca della Presolana A"]
[Site "Bratto - Castione della Presolana ITA"]
[Date "2001.08.29"]
[Round "8"]
[White "Cavatorta, Fosco"]
[Black "Bozzali, Ermanno"]
[Result "1/2-1/2"]
[WhiteElo "2025"]
[BlackElo "2099"]
[PlyCount "122"]
[EventDate "2001.08.22"]

1.e4 c5 2.Nf3 d6 3.d3 Nc6 4.g3 g6 5.Bg2 Bg7 6.O-O e6 7.Nbd2 Nge7 8.Re1 O-O
9.c3 Rb8 10.Nb3 b6 11.d4 e5 12.d5 Na5 13.Nxa5 bxa5 14.b3 Bg4 15.h3 Bxf3 
16.Bxf3 Qd7 17.Bd2 Kh8 18.Qe2 Rb6 19.Rab1 Rfb8 20.Be3 Ng8 21.Bg2 Bh6 22.
Bxh6 Nxh6 23.Qe3 Kg7 24.f4 f6 25.fxe5 fxe5 26.Rf1 a4 27.Qg5 Qd8 28.Qxd8 
Rxd8 29.Rf2 Rf8 30.b4 Rxf2 31.Kxf2 a5 32.b5 Ng8 33.Bf3 Nf6 34.Ke3 Nd7 35.
c4 Rb8 36.Be2 Nb6 37.h4 Rf8 38.Rh1 h6 39.h5 Rf6 40.hxg6 Rxg6 41.g4 Rf6 42.
Rh5 Kg6 43.Rf5 Rxf5 44.exf5+ Kg5 45.Ke4 a3 46.Kd3 Kf4 47.Kd2 Nd7 48.Bd1 e4
49.Be2 Ke5 50.Ke3 Nb6 51.f6 Kxf6 52.Kxe4 Kg5 53.Ke3 Kg6 54.Kf4 Kf6 55.Bd3 
Na4 56.Bc2 Nb6 57.Bd3 Nd7 58.Bf5 Nb6 59.Bd3 Na8 60.Bc2 Nb6 61.Bd3 Kg7 
1/2-1/2

[Event "XXI Festival Conca della Presolana A"]
[Site "Bratto - Castione della Presolana ITA"]
[Date "2001.08.29"]
[Round "8"]
[White "Cugini, Verter"]
[Black "Di Fonzo, Valerio"]
[Result "1-0"]
[WhiteElo "2207"]
[BlackElo "2223"]
[PlyCount "125"]
[EventDate "2001.08.22"]

1.e4 e5 2.Nf3 Nc6 3.d4 exd4 4.Nxd4 Bb4+ 5.c3 Be7 6.Be3 Nf6 7.Nd2 O-O 8.Be2
d5 9.Nxc6 bxc6 10.e5 Nd7 11.Nf3 f6 12.Qa4 Nxe5 13.Nxe5 fxe5 14.Qxc6 Bf5 
15.Rd1 Be4 16.f3 Bh4+ 17.g3 Rxf3 18.Bxf3 Bxf3 19.O-O Bxd1 20.Rxd1 Bf6 21.
Rxd5 Qc8 22.Rd7 Rb8 23.b3 Rb7 24.h4 h6 25.Bxh6 Rb6 26.Qd5+ Kh7 27.Bg5 Bxg5
28.hxg5 Rd6 29.Qe4+ Rg6 30.Rd2 Qe8 31.Rh2+ Kg8 32.Qc4+ Qe6 33.Qxc7 Qb6+ 
34.Qxb6 axb6 35.Rd2 Kf7 36.Rd7+ Ke6 37.Rb7 Kd5 38.Kf2 Kc6 39.Re7 Kd6 40.
Re8 Rxg5 41.Kf3 Rf5+ 42.Ke4 Rg5 43.Rd8+ Kc6 44.Rd3 b5 45.a3 Kc5 46.Rd5+ 
Kc6 47.Rxe5 Rxg3 48.Kd4 Rg4+ 49.Re4 Rg6 50.c4 Rg3 51.Re6+ Kc7 52.Re3 Rg4+ 
53.Re4 Rg3 54.cxb5 Rxb3 55.a4 Kd6 56.Kc4 Rf3 57.Rd4+ Kc7 58.Kb4 Rf6 59.a5 
g5 60.b6+ Kc8 61.Kb5 Rg6 62.a6 g4 63.b7+ 1-0

[Event "XXI Festival Conca della Presolana A"]
[Site "Bratto - Castione della Presolana ITA"]
[Date "2001.08.29"]
[Round "8"]
[White "De Santis, Alessio"]
[Black "Nieus, Thierry"]
[Result "1-0"]
[WhiteElo "2353"]
[BlackElo "1914"]
[PlyCount "81"]
[EventDate "2001.08.22"]

1.d4 d5 2.Nf3 c5 3.e3 Nc6 4.c3 Nf6 5.Nbd2 e6 6.Bd3 Bd6 7.O-O e5 8.e4 cxd4 
9.cxd4 O-O 10.exd5 Nxd4 11.Nxd4 exd4 12.Nc4 Be7 13.d6 Bxd6 14.Nxd6 Qxd6 
15.h3 Bd7 16.Bd2 Bc6 17.a3 Qd5 18.f3 Rfe8 19.a4 a6 20.b4 b5 21.Rc1 bxa4 
22.Rc5 Qd7 23.Qc2 Bb5 24.Rc1 h6 25.Bf5 Qd6 26.Bd3 Nd5 27.Bh7+ Kh8 28.Be4 
Re5 29.Qb2 Rxe4 30.fxe4 Ne3 31.e5 Qg6 32.Be1 d3 33.Qf2 Nc2 34.Bc3 Rd8 35.
Rc7 Kg8 36.Rf1 Rf8 37.Kh1 a3 38.e6 Qxe6 39.Qg3 g6 40.Rf6 Qe4 41.Re7 1-0

[Event "XXI Festival Conca della Presolana A"]
[Site "Bratto - Castione della Presolana ITA"]
[Date "2001.08.29"]
[Round "8"]
[White "Dittmar, Peter"]
[Black "Friedrich, Norbert"]
[Result "1/2-1/2"]
[WhiteElo "2348"]
[BlackElo "2275"]
[PlyCount "59"]
[EventDate "2001.08.22"]

1.d4 c5 2.d5 Nf6 3.Nc3 g6 4.e4 d6 5.Nf3 Bg7 6.Be2 O-O 7.O-O Na6 8.Re1 Nc7 
9.h3 b6 10.Bf4 Bb7 11.Bc4 Nd7 12.e5 dxe5 13.Nxe5 Nxe5 14.Bxe5 Qd7 15.Bxg7 
Kxg7 16.Qe2 Rfe8 17.Rad1 a6 18.a4 Rad8 19.Qe5+ Kg8 20.Qe2 Qf5 21.Rd3 Qc8 
22.Re3 Nxd5 23.Nxd5 Bxd5 24.Bxa6 Qa8 25.Bb5 Rf8 26.f3 e6 27.Rd3 Bc6 28.
Bxc6 Qxc6 29.b3 Rd4 30.Red1 1/2-1/2

[Event "XXI Festival Conca della Presolana A"]
[Site "Bratto - Castione della Presolana ITA"]
[Date "2001.08.29"]
[Round "8"]
[White "Epishin, Vladimir V."]
[Black "Khenkin, Igor"]
[Result "1/2-1/2"]
[WhiteElo "2583"]
[BlackElo "2579"]
[PlyCount "85"]
[EventDate "2001.08.22"]

1.d4 Nf6 2.c4 e6 3.Nc3 Bb4 4.e3 O-O 5.Bd3 d5 6.cxd5 exd5 7.Ne2 Re8 8.O-O 
Bd6 9.h3 Nbd7 10.Qc2 a6 11.Rd1 c5 12.b3 b5 13.dxc5 Nxc5 14.Nxd5 Nxd3 15.
Qxd3 Be5 16.Nxf6+ Qxf6 17.Nd4 Bf5 18.Qf1 Qg6 19.Kh1 Be4 20.Bb2 Rad8 21.Rd2
f5 22.f4 Bxd4 23.Bxd4 Qg3 24.Kg1 Re6 25.Qe1 Qxe1+ 26.Rxe1 Rc6 27.Red1 h5 
28.Kh2 Rdd6 29.b4 Rd8 30.Bc5 Rxd2 31.Rxd2 Rf6 32.Be7 Rg6 33.Bc5 Re6 34.a3 
Kf7 35.Kg1 Ke8 36.Kf1 Rc6 37.Kf2 Rg6 38.Kg1 Re6 39.Kh2 Rg6 40.Kg1 Re6 41.
Kf1 Rg6 42.Bd4 Rd6 43.Kf2 1/2-1/2

[Event "XXI Festival Conca della Presolana A"]
[Site "Bratto - Castione della Presolana ITA"]
[Date "2001.08.29"]
[Round "8"]
[White "Foisor, Ovidiu-Doru"]
[Black "Guido, Flavio"]
[Result "1-0"]
[WhiteElo "2400"]
[BlackElo "2379"]
[PlyCount "95"]
[EventDate "2001.08.22"]

1.c4 Nf6 2.Nf3 c5 3.g3 d5 4.cxd5 Nxd5 5.Bg2 Nc6 6.d4 cxd4 7.Nxd4 Ndb4 8.
Nxc6 Qxd1+ 9.Kxd1 Nxc6 10.Bxc6+ bxc6 11.Nc3 e5 12.Be3 Be6 13.Na4 O-O-O+ 
14.Kc2 Kb8 15.Rhd1 Be7 16.Bc5 Bf5+ 17.Kb3 Bxc5 18.Nxc5 Rd5 19.Rxd5 cxd5 
20.Rd1 d4 21.Kc4 Kc7 22.b4 f6 23.a4 Bg6 24.b5 Bf7+ 25.Kb4 Rd8 26.Rc1 Kb8 
27.f3 Rc8 28.a5 Be8 29.Na6+ Kb7 30.Rxc8 Kxc8 31.Kc5 Kb7 32.Nb4 Bd7 33.a6+ 
Kb8 34.g4 Be6 35.h4 Bb3 36.b6 axb6+ 37.Kxb6 Bc4 38.a7+ Ka8 39.Na6 Bxa6 40.
Kxa6 h5 41.gxh5 f5 42.Kb5 e4 43.fxe4 fxe4 44.Kc4 d3 45.exd3 exd3 46.Kxd3 
Kxa7 47.Ke4 Kb7 48.Kf5 1-0

[Event "XXI Festival Conca della Presolana A"]
[Site "Bratto - Castione della Presolana ITA"]
[Date "2001.08.29"]
[Round "8"]
[White "Godena, Michele"]
[Black "Foisor, Cristina-Adela"]
[Result "1-0"]
[WhiteElo "2491"]
[BlackElo "2423"]
[PlyCount "45"]
[EventDate "2001.08.22"]

1.e4 d6 2.d4 g6 3.Nf3 Bg7 4.c3 c6 5.Bc4 d5 6.Bb3 dxe4 7.Ng5 Nh6 8.Nxe4 O-O
9.h4 Bf5 10.Ng3 e6 11.h5 g5 12.Nd2 Kh8 13.Nde4 f6 14.O-O Na6 15.f4 Bg4 16.
Qc2 gxf4 17.Bxf4 e5 18.dxe5 fxe5 19.Bg5 Qd7 20.Nf6 Rxf6 21.Rxf6 Ng8 22.Rf7
Qd6 23.Ne4 1-0

[Event "XXI Festival Conca della Presolana A"]
[Site "Bratto - Castione della Presolana ITA"]
[Date "2001.08.29"]
[Round "8"]
[White "Koskinen, Henri"]
[Black "Contin, Daniel"]
[Result "1-0"]
[WhiteElo "2321"]
[BlackElo "2382"]
[PlyCount "101"]
[EventDate "2001.08.22"]

1.d4 Nf6 2.Nf3 e6 3.g3 b5 4.Bg2 Bb7 5.O-O c5 6.a4 b4 7.Nbd2 Na6 8.c3 bxc3 
9.bxc3 cxd4 10.cxd4 Nb4 11.a5 Rc8 12.Ba3 Ba6 13.Qa4 Nbd5 14.Bxf8 Rxf8 15.
Rfe1 Nc3 16.Qb3 Nxe2+ 17.Kh1 Ng4 18.Bf1 Rc3 19.Qa2 Qf6 20.Bxe2 Bxe2 21.
Rxe2 Rxf3 22.Nxf3 Qxf3+ 23.Kg1 h5 24.Rc2 h4 25.Qa3 Qxa3 26.Rxa3 Ke7 27.f3 
Nf6 28.Rb3 hxg3 29.hxg3 Nd5 30.Rb7 a6 31.Rc4 Ra8 32.Kf2 Kd6 33.Ke2 Ne7 34.
Rcc7 Rd8 35.Rc5 Nc6 36.Rb6 Ra8 37.Kd3 e5 38.Rxe5 Kc7 39.Rc5 Kd8 40.Rg5 g6 
41.Rc5 Rc8 42.Ke4 f5+ 43.Ke3 Kc7 44.Kf4 Re8 45.Rxa6 Kb7 46.Rb6+ Ka7 47.d5 
Ne5 48.Rc3 d6 49.Rxd6 g5+ 50.Kxf5 Ka8 51.Re6 1-0

[Event "XXI Festival Conca della Presolana A"]
[Site "Bratto - Castione della Presolana ITA"]
[Date "2001.08.29"]
[Round "8"]
[White "Lalic, Bogdan"]
[Black "Preiss, Martin"]
[Result "1-0"]
[WhiteElo "2528"]
[BlackElo "2262"]
[PlyCount "101"]
[EventDate "2001.08.22"]

1.d4 f5 2.g3 Nf6 3.Bg2 e6 4.c4 d5 5.Qc2 c6 6.Nh3 Be7 7.O-O O-O 8.Nf4 Bd7 
9.Nd2 g5 10.Nd3 Be8 11.Nf3 h6 12.b3 Nbd7 13.Bb2 Bg6 14.Qc1 Ng4 15.h3 Ngf6 
16.e3 Bh5 17.Ba3 Bxf3 18.Bxf3 Ne4 19.Bg2 Rf7 20.Kh2 Qf8 21.Bxe7 Qxe7 22.f3
Nef6 23.Qb2 Raf8 24.Rae1 Nh5 25.c5 Re8 26.b4 e5 27.b5 e4 28.fxe4 dxe4 29.
bxc6 bxc6 30.Nb4 Nb8 31.Qe2 Ng7 32.Rb1 Kh8 33.Rbc1 f4 34.exf4 gxf4 35.gxf4
Nf5 36.d5 a5 37.Nxc6 Nxc6 38.dxc6 Nd4 39.Qe3 Nxc6 40.Rcd1 Rf6 41.Qc3 Kh7 
42.Rd7 Qxd7 43.Qxf6 Qd5 44.Rd1 Qe6 45.Qxe6 Rxe6 46.Rd6 Rxd6 47.cxd6 e3 48.
Kg3 Nd4 49.d7 Ne6 50.Bd5 Nd8 51.Kf3 1-0